| 000 | 00636nam a22002297b 4500 | ||
|---|---|---|---|
| 003 | 3228 | ||
| 005 | 20260409132130.0 | ||
| 008 | 260409b sa ||||j |||| 00| 1 AFR d | ||
| 020 | _a9780628037350 (paperback) | ||
| 040 |
_aMPL _beng _c2000 _erda |
||
| 041 | _aAfrikaans | ||
| 082 | 0 | _aATF SCHE | |
| 100 |
_944965 _a Scheeres, Solet _eauthor |
||
| 245 |
_aNikki / _cSolet Scheeres |
||
| 260 |
_aMidrand : _bPerskor Uitgewers , _c©1999. |
||
| 300 |
_a142 pages : _c20 cm |
||
| 490 | _aKlub 17 | ||
| 655 | 0 |
_9188476 _aYouth Fiction |
|
| 655 | 0 |
_9188670 _aHuman Relations Fiction |
|
| 655 | 0 |
_9188216 _aLight Romance |
|
| 942 |
_2ddc _cBK _w296 _xPhillipina Naude _y296 _zPhillipina Naude |
||
| 999 |
_c796179 _d796178 |
||